00386nam a2200145Ia 4500003000400000005001700004008004100021040000900062082001900071100003600090245004000126260004700166300000900213650001800222OSt20201030111334.0190216s9999||||xx |||||||||||||| ||und|| coclc a891.441bTAG/G1 aTagore, Rabindranathd1861-1941 4aThe Gardener /cRabindranath Tagore bMacmillan And Co Limited, c1966.aLondon: a150p aEnglish Drama